|
|
|
|
| LEADER |
00000nab a2200000 ar4500 |
| 001 |
vtls008982321 |
| 003 |
SK-MaSNL |
| 005 |
20260304214135.0 |
| 008 |
250505c2006 xo |||||||||||000 b|slo |
| 015 |
|
|
|a SNBRB2007/04
|2 snkbucl
|
| 035 |
|
|
|a (uuid)a07d7b14-5f1a-4182-bfff-eb4b850d6c25
|
| 035 |
|
|
|a urn:nbn:sk:snk-ab9lp4
|
| 035 |
|
|
|a (urnnbn)urn:nbn:sk:snk:ar-a08jfu
|
| 038 |
|
|
|a SNKBUCL
|
| 040 |
|
|
|a SNKBUCL
|b slo
|c SNKBUCL
|e AACR2
|
| 041 |
0 |
|
|a slo
|b eng
|b slo
|
| 044 |
|
|
|a xo
|c SK
|
| 072 |
|
7 |
|a 614.8
|x Úrazy a ich prevencia
|2 konspekt
|
| 080 |
|
|
|a 677:614.83
|2 1997
|
| 080 |
|
|
|a 614.83
|2 1997
|
| 080 |
|
|
|a 628.511.132
|2 1997
|
| 100 |
1 |
|
|a Mračková, Eva,
|d 1962-
|4 aut
|9 234301
|
| 245 |
1 |
0 |
|a Riziká výbuchov v textilnom priemysle a zaistenie bezpečnosti
|c Eva Mračková, Anton Osvald
|
| 300 |
|
|
|b Obr., tab.
|
| 504 |
|
|
|a Bibliogr. odkazy
|
| 546 |
|
|
|a Res. angl., slov.
|
| 650 |
0 |
7 |
|a textilný priemysel
|2 snkbucl
|9 51332
|
| 650 |
0 |
7 |
|a výbuchy
|2 snkbucl
|9 29936
|
| 650 |
0 |
7 |
|a prachové častice
|2 snkbucl
|9 765645
|
| 650 |
0 |
7 |
|a technologické procesy
|2 snkbucl
|9 28633
|
| 650 |
0 |
7 |
|a prevencia výbuchov
|2 snkbucl
|9 85700
|
| 700 |
1 |
|
|a Osvald, Anton,
|d 1952-
|4 aut
|9 85693
|
| 773 |
0 |
|
|t Acta Facultatis Xylologiae Zvolen Res Publica Slovaca : vedecký časopis Drevárskej fakulty
|g Roč. XLVII, č. 2 (2005), s. 35-42
|x 1336-3824
|z 8022815616
|
| 850 |
|
|
|a Slovenská národná knižnica
|
| 852 |
|
|
|a Slovenská národná knižnica
|
| 954 |
|
|
|a odborná, vedecká literatúra pôvodná (slovenská)
|2 lita
|
| 958 |
|
|
|a article13
|
| 958 |
|
|
|a OND
|
| 958 |
|
|
|a NB
|
| 958 |
|
|
|a EUIPO
|
| 999 |
|
|
|c 3139701
|d 3141631
|